000 00852nam a2200253Ia 4500
003 OSt
005 20220918170854.0
006 a|||||r|||| 00| 0
007 ta
008 220917b |||||||| |||| 00| 0 eng d
020 _a9780748699063 (hbk)
_cUKP 80.00
024 _a349,399
037 _b13865, 13/03/2019, Elite Publishers Distributors
_cTextual
040 _aARTS
_cARTS
_beng
041 _2eng
_aeng
082 _aQ70j6, Q9
100 _aNetton Ian Richard Au.
_931873
245 0 _aIslam, Christianity and the realms of the miraculous
_b comparative exploration
260 _aEdinburgh
_bEdinburgh University Pess
_c2019
300 _axi,292p.
_ccm.
650 _aPolitical Science
942 _hQ70j6, Q9
_cTEXL
_2CC
999 _c136373
_d136373